[Event "17ème Open des Vins du Médoc"]
[Site "Naujac sur Mer ; France"]
[Date "2014.06.29"]
[Round "1.1"]
[White "Jackson, Thomas"]
[Black "Van Delft, Merijn"]
[Result "0-1"]
[WhiteElo "1688"]
[BlackElo "2418"]
[PlyCount "71"]
[EventDate "2014.??.??"]

1. d4 Nf6 2. Bg5 d5 3. Bxf6 exf6 4. e3 c6 5. Nd2 f5 6. g3 Nd7 7. Bg2 Bd6 8. a3
h5 9. c4 dxc4 10. Nxc4 Bc7 11. Nf3 Qe7 12. Qc2 f4 13. e4 O-O 14. e5 fxg3 15.
hxg3 g6 16. O-O-O Nb6 17. Ne3 Nd5 18. Nxd5 cxd5 19. Nh4 Bg4 20. f3 Be6 21. f4
Bxe5 22. Nxg6 fxg6 23. Qxg6+ Bg7 24. Rde1 Qc7+ 25. Kd2 Rf6 26. Qxh5 Qc4 27.
Qh7+ Kf8 28. Qd3 Qxd3+ 29. Kxd3 Rg6 30. Rxe6 Rxe6 31. Bxd5 Rg6 32. Rh3 Rd8 33.
Ke4 Re8+ 34. Kd3 Re1 35. Bf3 Rh6 36. Rh2 0-1

[Event "17ème Open des Vins du Médoc"]
[Site "Naujac sur Mer ; France"]
[Date "2014.06.29"]
[Round "1.2"]
[White "Rijnaarts, Sjef"]
[Black "Gautier, Dorian"]
[Result "1-0"]
[WhiteElo "2346"]
[BlackElo "1656"]
[PlyCount "49"]
[EventDate "2014.??.??"]

1. e4 c5 2. Nf3 d6 3. d4 cxd4 4. Nxd4 Nf6 5. Nc3 g6 6. Be3 Bg7 7. Bc4 O-O 8. f3
Nc6 9. Qd2 Bd7 10. O-O-O Rc8 11. Bb3 Ne5 12. h4 h5 13. Kb1 Nc4 14. Bxc4 Rxc4
15. Nb3 b6 16. e5 Ne8 17. exd6 Nxd6 18. Bd4 Qc8 19. Nd5 Re8 20. Bxg7 Kxg7 21.
Nxe7 Rxe7 22. Qxd6 Qe8 23. Nd2 Rc6 24. Qd4+ Kg8 25. Ne4 1-0

[Event "17ème Open des Vins du Médoc"]
[Site "Naujac sur Mer ; France"]
[Date "2014.06.29"]
[Round "1.3"]
[White "Dubertrand, Bernard"]
[Black "Wohl, Aleksandar H"]
[Result "0-1"]
[WhiteElo "1654"]
[BlackElo "2339"]
[PlyCount "64"]
[EventDate "2014.??.??"]

1. e4 e5 2. Nf3 d6 3. Bc4 Be7 4. c3 Nf6 5. d3 O-O 6. O-O Nc6 7. Bb3 Bg4 8. Be3
d5 9. h3 Bh5 10. Bc2 Qd7 11. Nbd2 Rad8 12. Qb1 h6 13. a3 Rfe8 14. b4 d4 15.
cxd4 exd4 16. Bf4 Bd6 17. Bh2 b5 18. Re1 Bxh2+ 19. Nxh2 g5 20. Bd1 Ne5 21. f3
Bg6 22. Ng4 Nexg4 23. fxg4 Nd5 24. Bb3 Nf4 25. Qc2 a5 26. Rac1 axb4 27. a4 Ra8
28. Ra1 Reb8 29. Nf1 c5 30. axb5 Qxb5 31. Bc4 b3 32. Bxb3 Rxa1 0-1

[Event "17ème Open des Vins du Médoc"]
[Site "Naujac sur Mer ; France"]
[Date "2014.06.29"]
[Round "1.4"]
[White "Bollengier, Andreea"]
[Black "Jackson, Daniel"]
[Result "1-0"]
[WhiteElo "2244"]
[BlackElo "1653"]
[PlyCount "33"]
[EventDate "2014.??.??"]

1. c4 Nf6 2. g3 e6 3. Bg2 Be7 4. Nf3 O-O 5. O-O c5 6. d4 d6 7. Nc3 Nbd7 8. e4
e5 9. dxc5 dxc5 10. Bg5 Nb6 11. Nxe5 Be6 12. b3 Qc7 13. Bf4 Rad8 14. Qe2 Bd6
15. Nb5 Qb8 16. Nxd6 Rxd6 17. Nf3 1-0

[Event "17ème Open des Vins du Médoc"]
[Site "Naujac sur Mer ; France"]
[Date "2014.06.29"]
[Round "1.5"]
[White "Mueller, Werner"]
[Black "Castro, John"]
[Result "0-1"]
[WhiteElo "1650"]
[BlackElo "2217"]
[PlyCount "90"]
[EventDate "2014.??.??"]

1. e4 c5 2. Nc3 Nc6 3. g3 g6 4. Bg2 Bg7 5. d3 e6 6. Be3 Nd4 7. Nh3 Ne7 8. O-O
O-O 9. Qd2 d5 10. f4 f5 11. e5 Bd7 12. Nd1 Qb6 13. c3 Ndc6 14. Ng5 d4 15. Bf2
Rfd8 16. Nf3 Rac8 17. Ne1 Be8 18. Nc2 Qa6 19. c4 b5 20. b3 bxc4 21. dxc4 d3 22.
Ne1 Nb4 23. Nb2 Bc6 24. a3 Bxg2 25. Nxg2 Nc2 26. Ra2 Nd4 27. Bxd4 Rxd4 28. Rf3
Qb7 29. Rxd3 Qxb3 30. Rxd4 cxd4 31. Nd3 Rxc4 32. Nge1 Nc6 33. a4 Bf8 34. Qg2
Nb4 35. Rb2 Qc3 36. Rd2 Nxd3 37. Nxd3 Rxa4 38. Qe2 Ra1+ 39. Kg2 Qc6+ 40. Kh3
Qe4 41. Qf2 h6 42. Nb2 g5 43. Rxd4 g4+ 44. Kh4 Be7+ 45. Kh5 Qa8 0-1

[Event "17ème Open des Vins du Médoc"]
[Site "Naujac sur Mer ; France"]
[Date "2014.06.29"]
[Round "1.6"]
[White "Saenz Narciso, Miguel Angel"]
[Black "Lambert, Rene"]
[Result "1-0"]
[WhiteElo "2212"]
[BlackElo "1636"]
[PlyCount "45"]
[EventDate "2014.??.??"]

1. e4 d5 2. exd5 Qxd5 3. Nc3 Qa5 4. Bc4 Be6 5. Bxe6 fxe6 6. Nf3 Nc6 7. O-O
O-O-O 8. Re1 e5 9. a3 Nd4 10. Nxe5 Nh6 11. d3 Ndf5 12. b4 Qa6 13. Bb2 Nd6 14.
a4 Ndf7 15. b5 Qf6 16. Ne4 Qb6 17. Qh5 Nxe5 18. Qxe5 Kb8 19. a5 Qg6 20. Nc5 Nf7
21. Qe6 Rd6 22. Nd7+ Ka8 23. Nb6+ 1-0

[Event "17ème Open des Vins du Médoc"]
[Site "Naujac sur Mer ; France"]
[Date "2014.06.29"]
[Round "1.7"]
[White "Wille, Frederic"]
[Black "Sasu-Ducsoara, Adrian-Florian"]
[Result "0-1"]
[WhiteElo "1607"]
[BlackElo "2138"]
[PlyCount "52"]
[EventDate "2014.??.??"]

1. d4 d5 2. Nf3 e6 3. e3 Nf6 4. Bd3 Be7 5. O-O O-O 6. b3 b6 7. Qe2 Bb7 8. Bb2
Nbd7 9. Nbd2 c5 10. Ne5 Ne4 11. Nxd7 Qxd7 12. dxc5 Nxc5 13. Bxh7+ Kxh7 14. Qh5+
Kg8 15. Bxg7 Kxg7 16. Qg4+ Kh6 17. Qh3+ Kg6 18. Qg4+ Bg5 19. f4 f5 20. Qxg5+
Kf7 21. Nf3 Ke8 22. Ne5 Qh7 23. Rf3 Ne4 24. Qg6+ Qxg6 25. Nxg6 Rg8 26. Ne5 Rc8
0-1

[Event "17ème Open des Vins du Médoc"]
[Site "Naujac sur Mer ; France"]
[Date "2014.06.29"]
[Round "1.8"]
[White "Van Dommelen, Martin"]
[Black "Jackson, Edgar"]
[Result "1-0"]
[WhiteElo "2137"]
[BlackElo "1600"]
[PlyCount "47"]
[EventDate "2014.??.??"]

1. e4 c5 2. Nf3 Nf6 3. e5 Nd5 4. Bc4 Nb6 5. Be2 g6 6. c3 Bg7 7. d4 cxd4 8. cxd4
Nc6 9. Nc3 d6 10. exd6 Qxd6 11. Nb5 Qb8 12. d5 Ne5 13. d6 exd6 14. Nxd6+ Ke7
15. Nxc8+ Nxc8 16. Bg5+ f6 17. Be3 Qd6 18. Qb3 Rb8 19. Nxe5 Qxe5 20. O-O b6 21.
Rad1 Nd6 22. Rfe1 Qe6 23. Qa3 Rhd8 24. Bf4 1-0

[Event "17ème Open des Vins du Médoc"]
[Site "Naujac sur Mer ; France"]
[Date "2014.06.29"]
[Round "1.9"]
[White "Sevilla, Paul"]
[Black "Zickelbein, Eva Maria"]
[Result "0-1"]
[WhiteElo "1600"]
[BlackElo "2057"]
[PlyCount "54"]
[EventDate "2014.??.??"]

1. Nf3 d6 2. d4 Nd7 3. c3 e5 4. e4 Be7 5. Bd3 Ngf6 6. Bg5 c6 7. Nbd2 Qc7 8. Qc2
Nf8 9. Nc4 Ne6 10. Bd2 b5 11. Ne3 Nf4 12. O-O O-O 13. Rfe1 Re8 14. Nf5 Nxd3 15.
Qxd3 Bxf5 16. exf5 e4 17. Rxe4 Nxe4 18. Qxe4 Bf6 19. Qg4 Re2 20. Rb1 Qe7 21.
Kf1 Re4 22. Qg3 Re8 23. Bf4 Rd8 24. Nd2 Rxf4 25. Qxf4 Bg5 26. Re1 Qxe1+ 27.
Kxe1 Bxf4 0-1

[Event "17ème Open des Vins du Médoc"]
[Site "Naujac sur Mer ; France"]
[Date "2014.06.29"]
[Round "1.10"]
[White "Larand, Manuel"]
[Black "Fabris, David"]
[Result "1-0"]
[WhiteElo "2041"]
[BlackElo "1597"]
[PlyCount "59"]
[EventDate "2014.??.??"]

1. c4 Nf6 2. g3 e6 3. Bg2 d5 4. Nf3 c6 5. O-O Bd6 6. b3 Nbd7 7. Nc3 O-O 8. d3
Re8 9. e4 dxe4 10. dxe4 Bc7 11. Ba3 Ba5 12. b4 Bc7 13. Qb3 b6 14. Rad1 Bb7 15.
b5 c5 16. Qc2 Qe7 17. Nd4 Ne5 18. Qe2 Bd6 19. Nc6 Bxc6 20. bxc6 Nxc6 21. Nb5
Be5 22. f4 Bd4+ 23. Nxd4 Nxd4 24. Rxd4 Rad8 25. Rxd8 Rxd8 26. e5 Ne8 27. f5
exf5 28. Rxf5 Rd4 29. Bb2 Nd6 30. Rf1 1-0

[Event "17ème Open des Vins du Médoc"]
[Site "Naujac sur Mer ; France"]
[Date "2014.06.30"]
[Round "2.1"]
[White "Van Delft, Merijn"]
[Black "Armas, Lara-Maria"]
[Result "1-0"]
[WhiteElo "2418"]
[BlackElo "1935"]
[PlyCount "41"]
[EventDate "2014.??.??"]

1. e4 c5 2. Nf3 d6 3. d4 cxd4 4. Nxd4 Nf6 5. Nc3 a6 6. Be3 Ng4 7. Bc1 e5 8. Nf5
Nf6 9. Ne3 Be6 10. g3 Nbd7 11. Bg2 Rc8 12. O-O Qc7 13. a4 Be7 14. a5 O-O 15.
Kh1 Rfd8 16. Bd2 Bf8 17. b3 Qb8 18. f4 exf4 19. gxf4 Nc5 20. f5 Bd7 21. b4 1-0

[Event "17ème Open des Vins du Médoc"]
[Site "Naujac sur Mer ; France"]
[Date "2014.06.30"]
[Round "2.2"]
[White "Gonzalez Santamartin, Jorge"]
[Black "Rijnaarts, Sjef"]
[Result "0-1"]
[WhiteElo "1926"]
[BlackElo "2346"]
[PlyCount "90"]
[EventDate "2014.??.??"]

1. e4 c5 2. Nf3 d6 3. d4 cxd4 4. Nxd4 Nf6 5. Nc3 e6 6. g4 h6 7. Bg2 Nc6 8. h3
Nxd4 9. Qxd4 e5 10. Qd3 a6 11. a4 Be6 12. b3 Rc8 13. Bb2 Qc7 14. Rc1 Be7 15.
O-O O-O 16. Ne2 Rfd8 17. c4 Nd7 18. Ba1 Bg5 19. Rb1 Nc5 20. Qg3 Qe7 21. f4 Bh4
22. Qf3 Bf6 23. Ng3 exf4 24. Bxf6 Qxf6 25. Qxf4 Qxf4 26. Rxf4 g6 27. Rf3 a5 28.
Re3 Rc6 29. e5 Rb6 30. exd6 Rdxd6 31. Ne4 Nxe4 32. Rxe4 Rd3 33. Re5 Rdxb3 34.
Rxb3 Rxb3 35. Rxa5 Bxc4 36. Rc5 Ba6 37. a5 g5 38. Re5 Rc3 39. Re7 Rc5 40. Rd7
Kf8 41. Rd6 Rxa5 42. Rb6 h5 43. Bxb7 Bxb7 44. Rxb7 hxg4 45. hxg4 Ra4 0-1

[Event "17ème Open des Vins du Médoc"]
[Site "Naujac sur Mer ; France"]
[Date "2014.06.30"]
[Round "2.3"]
[White "Wohl, Aleksandar H"]
[Black "Roussel, Glenn"]
[Result "1-0"]
[WhiteElo "2339"]
[BlackElo "1930"]
[PlyCount "49"]
[EventDate "2014.??.??"]

1. e4 d5 2. exd5 Nf6 3. Bb5+ Bd7 4. Bc4 Bg4 5. f3 Bf5 6. Nc3 Nbd7 7. d3 Nb6 8.
g4 Bg6 9. Bb5+ Nfd7 10. Nge2 a6 11. Bxd7+ Qxd7 12. Nf4 f6 13. Qe2 Bf7 14. Ne6
c6 15. Bf4 Bxe6 16. dxe6 Qc8 17. O-O Nd5 18. Nxd5 cxd5 19. c4 Qc6 20. Kh1 Rd8
21. cxd5 Qxd5 22. Bc7 Rc8 23. Rfc1 g6 24. Qe3 Bg7 25. Rc5 1-0

[Event "17ème Open des Vins du Médoc"]
[Site "Naujac sur Mer ; France"]
[Date "2014.06.30"]
[Round "2.4"]
[White "Martin, Eric"]
[Black "Bollengier, Andreea"]
[Result "1/2-1/2"]
[WhiteElo "1850"]
[BlackElo "2244"]
[PlyCount "103"]
[EventDate "2014.??.??"]

1. e4 c6 2. d4 d5 3. Nd2 dxe4 4. Nxe4 Nd7 5. Nf3 Ngf6 6. Bd3 Nxe4 7. Bxe4 Nf6
8. Bd3 Bg4 9. c3 e6 10. Bf4 Bd6 11. Bg3 O-O 12. Qc2 c5 13. dxc5 Bxc5 14. O-O-O
Qa5 15. Kb1 Be7 16. Rhe1 Rfd8 17. Re5 Rd5 18. Rde1 Rad8 19. Rxd5 Rxd5 20. Ka1
Bf5 21. Bxf5 Rxf5 22. Rd1 Rd5 23. c4 Qc5 24. Rc1 Rd8 25. Qb3 b6 26. Qa4 a5 27.
Ne5 Ne4 28. Nc6 Rc8 29. Nxe7+ Qxe7 30. Qc2 Nxg3 31. hxg3 f6 32. a4 Qb4 33. Ka2
Rd8 34. Qb3 Qc5 35. Rc2 Kf7 36. Qc3 Rd1 37. Qb3 f5 38. Qf3 Rd4 39. Qe3 e5 40.
b3 Kf6 41. Qf3 e4 42. Qh5 h6 43. Qh4+ Kf7 44. Qh5+ Kf8 45. Qg6 Rd1 46. g4 Qd4
47. Qxf5+ Ke7 48. Rb2 Rd2 49. Rxd2 Qxd2+ 50. Ka3 Qc1+ 51. Ka2 Qc2+ 52. Ka3
1/2-1/2

[Event "17ème Open des Vins du Médoc"]
[Site "Naujac sur Mer ; France"]
[Date "2014.06.30"]
[Round "2.5"]
[White "Castro, John"]
[Black "Hielscher, Ursula"]
[Result "1-0"]
[WhiteElo "2217"]
[BlackElo "1880"]
[PlyCount "31"]
[EventDate "2014.??.??"]

1. e4 e6 2. d4 d5 3. Nc3 Bb4 4. e5 Qd7 5. Bd2 Bxc3 6. Bxc3 b6 7. Qg4 f5 8. Qg3
Ba6 9. Ne2 Qf7 10. a4 Ne7 11. a5 Ng6 12. axb6 axb6 13. Bb4 Nc6 14. Qc3 Nxb4 15.
Qxb4 Ne7 16. Rxa6 1-0

[Event "17ème Open des Vins du Médoc"]
[Site "Naujac sur Mer ; France"]
[Date "2014.06.30"]
[Round "2.6"]
[White "Vandomel, Fabrice"]
[Black "Saenz Narciso, Miguel Angel"]
[Result "1/2-1/2"]
[WhiteElo "1788"]
[BlackElo "2212"]
[PlyCount "61"]
[EventDate "2014.??.??"]

1. e4 c5 2. c3 g6 3. d4 cxd4 4. cxd4 d5 5. e5 Bg7 6. Nc3 Nh6 7. h3 O-O 8. g4
Nc6 9. f4 f6 10. Bg2 fxe5 11. fxe5 e6 12. Nf3 b6 13. O-O Ba6 14. Rf2 Qd7 15.
Be3 Kh8 16. Qd2 Ng8 17. Bf1 Bxf1 18. Raxf1 Rae8 19. Bg5 a6 20. h4 h6 21. Bf4
Re7 22. Bg3 b5 23. Ne2 Ref7 24. Nf4 Nge7 25. Nd3 Qc8 26. Bf4 Ng8 27. Be3 Rc7
28. Nf4 Nge7 29. Nh3 Ng8 30. Nf4 Nge7 31. Nh3 1/2-1/2

[Event "17ème Open des Vins du Médoc"]
[Site "Naujac sur Mer ; France"]
[Date "2014.06.30"]
[Round "2.7"]
[White "Sasu-Ducsoara, Adrian-Florian"]
[Black "Huettmann, Jens"]
[Result "1/2-1/2"]
[WhiteElo "2138"]
[BlackElo "1829"]
[PlyCount "58"]
[EventDate "2014.??.??"]

1. e4 c5 2. b3 d6 3. Bb2 Nf6 4. Nc3 Nc6 5. f4 e6 6. Nf3 d5 7. e5 Nd7 8. Qe2 a6
9. g3 b5 10. Bh3 Nd4 11. Nxd4 cxd4 12. Nd1 Qc7 13. Rc1 Bc5 14. Nf2 Bb7 15. Nd3
Ba7 16. Qf2 Nc5 17. Nxc5 Qxc5 18. d3 Bb6 19. O-O g6 20. Rce1 O-O-O 21. Re2 Kb8
22. a3 a5 23. Bg2 Rc8 24. Qe1 b4 25. a4 Rc7 26. Qa1 Rhc8 27. Rff2 Rf8 28. h3 h6
29. g4 f5 1/2-1/2

[Event "17ème Open des Vins du Médoc"]
[Site "Naujac sur Mer ; France"]
[Date "2014.06.30"]
[Round "2.8"]
[White "Ferrandi, Bernard"]
[Black "Van Dommelen, Martin"]
[Result "0-1"]
[WhiteElo "1778"]
[BlackElo "2137"]
[PlyCount "72"]
[EventDate "2014.??.??"]

1. e4 c5 2. Nc3 Nc6 3. g3 g6 4. Bg2 Bg7 5. f4 e6 6. Nf3 Nge7 7. O-O d6 8. d3
Rb8 9. Bd2 b5 10. Rb1 O-O 11. Qe1 a6 12. Ne2 Qb6 13. c3 Bb7 14. Nh4 f5 15. exf5
Nxf5 16. g4 Nxh4 17. Qxh4 Rbe8 18. Ng3 Ne7 19. Bxb7 Qxb7 20. Ne4 Qd5 21. Rbd1
c4 22. Be3 cxd3 23. Nf2 Qxa2 24. Rxd3 Nd5 25. Bc1 Nxf4 26. Bxf4 Rxf4 27. Rxd6
Qxb2 28. Rd8 Rxd8 29. Qxd8+ Rf8 30. Qd6 Qe2 31. Qxa6 Bxc3 32. Qd6 Be1 33. Qxf8+
Kxf8 34. Nd3+ Ke7 35. Nxe1 Qxg4+ 36. Ng2 Qd4+ 0-1

[Event "17ème Open des Vins du Médoc"]
[Site "Naujac sur Mer ; France"]
[Date "2014.06.30"]
[Round "2.9"]
[White "Zickelbein, Eva Maria"]
[Black "Vital, Thierry"]
[Result "1/2-1/2"]
[WhiteElo "2057"]
[BlackElo "1781"]
[PlyCount "81"]
[EventDate "2014.??.??"]

1. e4 e5 2. Nc3 Nf6 3. f4 d6 4. Nf3 Nc6 5. Bb5 Bd7 6. O-O Be7 7. d3 exf4 8.
Bxf4 O-O 9. d4 a6 10. Be2 Bg4 11. Bg5 Nd7 12. Be3 Nf6 13. a3 d5 14. exd5 Nxd5
15. Nxd5 Qxd5 16. c4 Qd6 17. d5 Bxf3 18. Rxf3 Ne5 19. Rh3 Bf6 20. Qc2 g6 21.
Rd1 Rfe8 22. b4 a5 23. Bc5 Qd8 24. d6 b6 25. dxc7 Qxc7 26. Bd6 Qc8 27. Qd2 Bg7
28. Bxe5 Rxe5 29. Bf3 Rb8 30. Bd5 Qe8 31. Rf3 Rf5 32. Rdf1 Qe5 33. Bxf7+ Kxf7
34. Rxf5+ gxf5 35. Kh1 Re8 36. Qd7+ Kg8 37. h3 f4 38. bxa5 bxa5 39. c5 Qe7 40.
Qd5+ Qe6 41. Qb7 1/2-1/2

[Event "17ème Open des Vins du Médoc"]
[Site "Naujac sur Mer ; France"]
[Date "2014.06.30"]
[Round "2.10"]
[White "Renard, Luc"]
[Black "Larand, Manuel"]
[Result "0-1"]
[WhiteElo "1708"]
[BlackElo "2041"]
[PlyCount "48"]
[EventDate "2014.??.??"]

1. d4 Nf6 2. Nf3 g6 3. Nc3 Bg7 4. e4 d6 5. Be3 c6 6. Qd2 b5 7. Bd3 Bb7 8. Bh6
Bxh6 9. Qxh6 b4 10. Ne2 c5 11. Ng5 cxd4 12. Qg7 Rf8 13. e5 dxe5 14. Nxh7 Nxh7
15. Qxh7 Qd5 16. b3 Nd7 17. Bc4 Qxg2 18. Rg1 Qe4 19. O-O-O O-O-O 20. f4 Qe3+
21. Kb1 exf4 22. Rge1 Nf6 23. Qg7 Nh5 24. Qh6 f3 0-1

[Event "17ème Open des Vins du Médoc"]
[Site "Naujac sur Mer ; France"]
[Date "2014.07.01"]
[Round "3.1"]
[White "Larand, Manuel"]
[Black "Van Delft, Merijn"]
[Result "0-1"]
[WhiteElo "2041"]
[BlackElo "2418"]
[PlyCount "52"]
[EventDate "2014.??.??"]

1. c4 c6 2. g3 d5 3. Nf3 Nf6 4. Bg2 dxc4 5. a4 Be6 6. Ng5 Bd5 7. e4 h6 8. exd5
hxg5 9. dxc6 Nxc6 10. Bxc6+ bxc6 11. Qf3 Qd5 12. Qxd5 cxd5 13. d3 cxd3 14. Ra3
e6 15. Rxd3 Ne4 16. O-O Bb4 17. Kg2 g4 18. Na3 Rc8 19. Be3 a5 20. Nb5 Rc2 21.
Rc1 Rxc1 22. Bxc1 Kd7 23. Be3 Rc8 24. Rd1 Rc2 25. b3 f6 26. Rh1 e5 0-1

[Event "17ème Open des Vins du Médoc"]
[Site "Naujac sur Mer ; France"]
[Date "2014.07.01"]
[Round "3.2"]
[White "Rijnaarts, Sjef"]
[Black "Ginovart, Axel"]
[Result "1-0"]
[WhiteElo "2346"]
[BlackElo "1967"]
[PlyCount "73"]
[EventDate "2014.??.??"]

1. e4 c5 2. Nf3 a6 3. c3 e6 4. d4 d5 5. e5 Bd7 6. Bd3 cxd4 7. cxd4 Bb5 8. Bc2
Bb4+ 9. Bd2 a5 10. a3 Bxd2+ 11. Qxd2 Nc6 12. Nc3 Ba6 13. Ne2 Qb6 14. O-O Nge7
15. Rab1 O-O 16. Rfd1 Rfc8 17. Nc3 Qc7 18. Rbc1 Qd8 19. Qg5 b5 20. Bxh7+ Kxh7
21. Qh5+ Kg8 22. Ng5 Qe8 23. Qh7+ Kf8 24. Qh8+ Ng8 25. Nh7+ Ke7 26. Qxg7 b4 27.
Na4 Rcb8 28. Rxc6 Qxc6 29. Nc5 Rf8 30. Nxf8 Rxf8 31. axb4 a4 32. Ra1 Bb5 33. h4
Ke8 34. h5 Ne7 35. h6 Ng6 36. h7 Kd8 37. Qxf8+ 1-0

[Event "17ème Open des Vins du Médoc"]
[Site "Naujac sur Mer ; France"]
[Date "2014.07.01"]
[Round "3.3"]
[White "Voogt, Jonathan"]
[Black "Wohl, Aleksandar H"]
[Result "1-0"]
[WhiteElo "1946"]
[BlackElo "2339"]
[PlyCount "83"]
[EventDate "2014.??.??"]

1. d4 g6 2. e4 Bg7 3. c4 d6 4. Nc3 e5 5. d5 a5 6. Be3 Na6 7. Bd3 Nf6 8. f3 O-O
9. Nge2 Nd7 10. Qd2 f5 11. O-O f4 12. Bf2 g5 13. Nc1 Nf6 14. Be2 g4 15. Nd3 b6
16. a3 Nc5 17. Nxc5 bxc5 18. Nb5 g3 19. hxg3 Nh5 20. gxf4 exf4 21. Rfb1 Ng3 22.
Bxg3 fxg3 23. Kf1 Qh4 24. Ke1 Bh6 25. Qd3 Qh1+ 26. Bf1 Bh3 27. Qe2 Rf7 28. b4
Raf8 29. Rb3 a4 30. Rd3 Bg4 31. Ra2 Rxf3 32. gxf3 Rxf3 33. Rxf3 Bxf3 34. Qd3
Bf4 35. bxc5 dxc5 36. Nc3 Be5 37. Qe3 h6 38. Ne2 Bxe4 39. Nxg3 Qh4 40. Re2
Bxg3+ 41. Kd1 Bg6 42. Rg2 1-0

[Event "17ème Open des Vins du Médoc"]
[Site "Naujac sur Mer ; France"]
[Date "2014.07.01"]
[Round "3.4"]
[White "Condeminas, Christian"]
[Black "Castro, John"]
[Result "1/2-1/2"]
[WhiteElo "1694"]
[BlackElo "2217"]
[PlyCount "50"]
[EventDate "2014.??.??"]

1. e4 c5 2. c3 Nf6 3. e5 Nd5 4. d4 cxd4 5. Bc4 Nb6 6. Bb3 Nc6 7. Nf3 d5 8. exd6
Qxd6 9. O-O Be6 10. Bxe6 Qxe6 11. Nxd4 Nxd4 12. Qxd4 Rd8 13. Qb4 Qc6 14. Na3 e6
15. Qb3 Bc5 16. Nc2 O-O 17. Be3 Nd5 18. Bxc5 Nf4 19. Ne3 Qxc5 20. Rad1 b5 21.
Rxd8 Rxd8 22. Rd1 Rxd1+ 23. Qxd1 g5 24. Kf1 h6 25. h4 Nd5 1/2-1/2

[Event "17ème Open des Vins du Médoc"]
[Site "Naujac sur Mer ; France"]
[Date "2014.07.01"]
[Round "3.5"]
[White "Van Dommelen, Martin"]
[Black "Maruejols, Claude"]
[Result "1-0"]
[WhiteElo "2137"]
[BlackElo "1945"]
[PlyCount "99"]
[EventDate "2014.??.??"]

1. e4 c5 2. Nf3 d6 3. c3 Nf6 4. Be2 Bg4 5. O-O e6 6. Re1 Be7 7. d4 O-O 8. dxc5
dxc5 9. Qc2 Nc6 10. Bf4 Bh5 11. Na3 Bg6 12. Rad1 Qc8 13. Bd3 h6 14. e5 Bxd3 15.
Rxd3 Nd5 16. Bc1 Rd8 17. Red1 a6 18. Qe2 Qc7 19. g3 Nb6 20. Qe4 Rxd3 21. Rxd3
Rd8 22. Rxd8+ Qxd8 23. Kg2 Qd5 24. Qxd5 exd5 25. h4 Bd8 26. Bf4 Na4 27. Be3 b6
28. Bc1 Bc7 29. Nb1 b5 30. b3 Nb6 31. Bf4 Kf8 32. Nbd2 Ke7 33. Nf1 Ke6 34. Be3
Nd7 35. N1d2 Ncxe5 36. Nb1 Bb6 37. Bd2 Nf6 38. Nxe5 Kxe5 39. f3 d4 40. Kf2 c4
41. cxd4+ Bxd4+ 42. Ke2 Nd5 43. bxc4 bxc4 44. Na3 Nb6 45. Nc2 h5 46. Nxd4 Kxd4
47. Be3+ Kc3 48. Bxb6 Kb2 49. Bd4+ Kxa2 50. Bxg7 1-0

[Event "17ème Open des Vins du Médoc"]
[Site "Naujac sur Mer ; France"]
[Date "2014.07.01"]
[Round "3.6"]
[White "Bollengier, Andreea"]
[Black "Vandomel, Fabrice"]
[Result "1-0"]
[WhiteElo "2244"]
[BlackElo "1788"]
[PlyCount "51"]
[EventDate "2014.??.??"]

1. c4 b6 2. Nf3 Bb7 3. d4 e6 4. e3 f5 5. Bd3 Nf6 6. O-O Be7 7. Nc3 O-O 8. Qe2
Ne4 9. Nd2 Nxd2 10. Bxd2 Nc6 11. a3 e5 12. d5 Nb8 13. f4 e4 14. Bc2 c5 15. g4
g6 16. Kh1 Qe8 17. gxf5 gxf5 18. Rg1+ Kh8 19. Nb5 Qd8 20. Bc3+ Bf6 21. Bxf6+
Rxf6 22. Qg2 Rg6 23. Qh3 Rf6 24. Rg5 a6 25. Rag1 Qf8 26. Qh4 1-0

[Event "17ème Open des Vins du Médoc"]
[Site "Naujac sur Mer ; France"]
[Date "2014.07.01"]
[Round "3.7"]
[White "Saenz Narciso, Miguel Angel"]
[Black "Martin, Eric"]
[Result "1-0"]
[WhiteElo "2212"]
[BlackElo "1850"]
[PlyCount "65"]
[EventDate "2014.??.??"]

1. e4 Nf6 2. e5 Nd5 3. d4 d6 4. c4 Nb6 5. exd6 exd6 6. Bd3 Nc6 7. Ne2 Be7 8.
O-O O-O 9. Nbc3 Nb4 10. Bb1 g6 11. d5 c6 12. a3 Na6 13. b3 Nc7 14. Ra2 cxd5 15.
cxd5 Bf6 16. Be3 Nd7 17. Ne4 Be7 18. N2g3 f5 19. Bh6 fxe4 20. Bxf8 Bxf8 21.
Nxe4 Nf6 22. Re1 Ncxd5 23. b4 Kg7 24. Rae2 Nxe4 25. Qxd5 Nf6 26. Qd4 Bd7 27.
Ba2 Rc8 28. h3 b6 29. g4 Kh6 30. Be6 Rc7 31. g5+ Kxg5 32. Qd2+ Kh5 33. Re5+ 1-0

[Event "17ème Open des Vins du Médoc"]
[Site "Naujac sur Mer ; France"]
[Date "2014.07.01"]
[Round "3.8"]
[White "Vital, Thierry"]
[Black "Sasu-Ducsoara, Adrian-Florian"]
[Result "1/2-1/2"]
[WhiteElo "1781"]
[BlackElo "2138"]
[PlyCount "39"]
[EventDate "2014.??.??"]

1. d4 e5 2. dxe5 Nc6 3. Nf3 Qe7 4. g3 Nxe5 5. Bg2 c6 6. Qd4 Qb4+ 7. Qxb4 Bxb4+
8. Bd2 Nxf3+ 9. Bxf3 Bxd2+ 10. Nxd2 d6 11. Ne4 Ke7 12. O-O-O d5 13. Nc5 b6 14.
Nb3 Nf6 15. Rhe1 Be6 16. Nd4 c5 17. Nxe6 fxe6 18. e4 dxe4 19. Bxe4 Nxe4 20.
Rxe4 1/2-1/2

[Event "17ème Open des Vins du Médoc"]
[Site "Naujac sur Mer ; France"]
[Date "2014.07.01"]
[Round "3.9"]
[White "Prioux, Michel"]
[Black "Zickelbein, Eva Maria"]
[Result "0-1"]
[WhiteElo "1723"]
[BlackElo "2057"]
[PlyCount "66"]
[EventDate "2014.??.??"]

1. c4 d6 2. Nc3 g6 3. g3 Bg7 4. Bg2 e5 5. e3 Nc6 6. a3 Be6 7. b3 Nf6 8. Bb2 d5
9. cxd5 Nxd5 10. Nxd5 Bxd5 11. Nf3 O-O 12. O-O Qe7 13. d4 Rad8 14. Qc2 exd4 15.
Nxd4 Bxg2 16. Kxg2 Nxd4 17. exd4 Bxd4 18. Bxd4 Rxd4 19. Rfe1 Qd6 20. Red1 Qd5+
21. Kg1 Rd8 22. Rxd4 Qxd4 23. Rc1 c6 24. Qc3 Qd5 25. Qc4 Qxc4 26. Rxc4 Rd3 27.
Rb4 b5 28. a4 a5 29. Re4 Rxb3 30. Re5 Rb4 31. axb5 cxb5 32. Re8+ Kg7 33. Kf1
Rb2 0-1

[Event "17ème Open des Vins du Médoc"]
[Site "Naujac sur Mer ; France"]
[Date "2014.07.01"]
[Round "3.10"]
[White "Huettmann, Jens"]
[Black "Kalwa, Norbert"]
[Result "0-1"]
[WhiteElo "1829"]
[BlackElo "2021"]
[PlyCount "47"]
[EventDate "2014.??.??"]

1. d4 g6 2. e4 Bg7 3. Nf3 c5 4. c3 cxd4 5. cxd4 d5 6. e5 Nc6 7. Be3 Nh6 8. Qd2
Nf5 9. Bg5 h6 10. Be3 Nxe3 11. fxe3 O-O 12. Bd3 Qb6 13. Nc3 Be6 14. O-O Rac8
15. Rac1 Qd8 16. Na4 b6 17. b4 Bd7 18. a3 Nxe5 19. dxe5 Bxa4 20. e6 f5 21. Nd4
Qd6 22. Qe2 Bxd4 23. h3 Rxc1 24. Rxc1 0-1

[Event "17ème Open des Vins du Médoc"]
[Site "Naujac sur Mer ; France"]
[Date "2014.07.02"]
[Round "4.1"]
[White "Van Delft, Merijn"]
[Black "Van Dommelen, Martin"]
[Result "1/2-1/2"]
[WhiteElo "2418"]
[BlackElo "2137"]
[PlyCount "41"]
[EventDate "2014.??.??"]

1. e4 d6 2. d4 Nf6 3. Nc3 e5 4. Nf3 Nbd7 5. Bc4 Be7 6. a4 O-O 7. O-O h6 8. Ba2
Re8 9. Re1 Bf8 10. Nh4 exd4 11. Qxd4 d5 12. Nxd5 Bc5 13. Nxf6+ Qxf6 14. Qxf6
Nxf6 15. Be3 Bb4 16. c3 Rxe4 17. cxb4 Rxh4 18. f4 Be6 19. Bxe6 fxe6 20. g3 Rh5
21. Bd4 1/2-1/2